[Event "TCh-CZE Liga 1 Zapad"]
[Site "Czech Rep CZE"]
[Date "2012.01.15"]
[Round "6.6"]
[White "Vaculik,M"]
[Black "Filipi,S"]
[Result "1-0"]
[WhiteElo "2247"]
[BlackElo "2136"]

1.e4 c5 2.Nf3 e6 3.d4 cxd4 4.Nxd4 a6 5.Nc3 Qc7 6.Be2 Nf6 7.O-O d6 8.a4 b6
9.f4 Nbd7 10.Bf3 Bb7 11.Kh1 h5 12.Qe2 Be7 13.Be3 Ng4 14.Bg1 g5 15.fxg5 Nde5
16.a5 b5 17.g6 Nxg6 18.Ncxb5 axb5 19.Qxb5+ Qd7 20.a6 Bc8 21.e5 d5 22.c4 N6xe5
23.cxd5 Nxf3 24.dxe6 Qxb5 25.Nxb5 O-O 26.Nc7 Nxg1 27.Nxa8 Bc5 28.exf7+ Rxf7
29.Rxf7 Kxf7 30.b4 Ne2 31.g3 Bd7 32.Kg2 Bxb4 33.Nb6 Bc6+ 34.Kf1 Nc3 35.a7 Nxh2+
36.Kg1 Nf3+ 37.Kf1 Nd2+ 38.Ke1 Nce4 39.Ra4 Nf3+ 40.Kf1 Bb5+ 41.Kg2 Ne1+ 42.Kh2 Nf3+
43.Kg2 Ne1+ 44.Kh1 Nxg3+ 45.Kh2 Nf1+ 46.Kh3 Bd3 47.Rxb4 Bf5+ 48.Kh4 Kg6 49.a8=Q  1-0

[Event "56th ch-BLR w 2012"]
[Site "Minsk BLR"]
[Date "2012.01.15"]
[Round "6.1"]
[White "Nevioselaya,M"]
[Black "Sharevich,A"]
[Result "0-1"]
[WhiteElo "1959"]
[BlackElo "2267"]

1.e4 c5 2.Nf3 e6 3.Nc3 a6 4.d4 cxd4 5.Nxd4 Qc7 6.Bd3 Nc6 7.Be3 Nf6 8.O-O Bd6
9.Nxc6 dxc6 10.f4 e5 11.f5 Qe7 12.Bg5 b5 13.Kh1 Bb7 14.Ne2 c5 15.c4 b4 16.Ng3 Qc7
17.Bxf6 gxf6 18.Rf2 O-O-O 19.a3 Bf8 20.Qb3 Qb6 21.Nf1 Bh6 22.axb4 Qxb4 23.Qc2 Rd4
24.Re2 Rhd8 25.Ra3 Qb6 26.Ne3 Bxe3 27.Rxe3 Bc6 28.h3 Kc7 29.Qf2 a5 30.Kh2 Qb4
31.Qc2 a4 32.Qf2 Rb8 33.Re2 Rbd8 34.Re3 Qb7 35.Qc2 Rb8 36.Re2 Qb4 37.Qc1 Rbd8
38.Qc2 R8d6 39.Re3 Qb7 40.Qe2 Be8 41.Qc2 Rb6 42.Re2 Bc6 43.h4 Rb4 44.g3 Qb8
45.Kh3 Qg8 46.Re3 Qd8 47.Qe2 Qb8 48.Qh5 Be8 49.Qxh7 Rxb2 50.h5 Qb4 51.Ra1 Rf2
52.h6 Qd2 53.Rae1 Rh2+ 54.Kg4 Rxd3 55.Rxd3 Qxe1 56.Kf3 Qe2+  0-1

[Event "10th Parsvnath Open"]
[Site "New Delhi IND"]
[Date "2012.01.15"]
[Round "1"]
[White "Rajagopalan"]
[Black "Himanshu,Sh"]
[Result "0-1"]
[WhiteElo "1672"]
[BlackElo "2408"]

1.e4 c5 2.Nf3 e6 3.Nc3 a6 4.d4 cxd4 5.Nxd4 b5 6.Be3 Bb7 7.Bd3 Qc7 8.Qd2 Nf6
9.f3 b4 10.Nce2 Nc6 11.c4 Nxd4 12.Bxd4 Bc5 13.Qe3 Bxd4 14.Qxd4 d6 15.a3 bxa3
16.Rxa3 O-O 17.O-O Nd7 18.Rd1 Rfd8 19.Bb1 Ne5 20.Rc3 a5 21.Rdc1 Qc5 22.Qxc5 dxc5
23.Kf2 g5 24.Ke3 Rd6 25.h3 a4 26.f4 gxf4+ 27.Kxf4 f6 28.g4 h6 29.h4 Rd2 30.Ng3 Rf2+  0-1

[Event "37th Seville Open"]
[Site "Seville ESP"]
[Date "2012.01.15"]
[Round "9"]
[White "Rizouk,A"]
[Black "Kovacevic,Sl"]
[Result "1-0"]
[WhiteElo "2539"]
[BlackElo "2321"]

1.e4 c5 2.Nf3 e6 3.d4 cxd4 4.Nxd4 a6 5.Nc3 Qc7 6.Bd3 Nf6 7.Qe2 d6 8.f4 Nbd7
9.g4 Nc5 10.g5 Nfd7 11.Bd2 b5 12.b4 Nxd3+ 13.cxd3 Bb7 14.Rc1 Qd8 15.f5 Qe7
16.O-O Ne5 17.fxe6 fxe6 18.Qh5+ g6 19.Qh3 Bc8 20.Nd5 exd5 21.Rxc8+ Rxc8 22.Qxc8+ Qd8
23.Qe6+ Be7 24.Rc1 Nd7 25.Nc6 Nf8 26.Nxd8 Nxe6 27.Nxe6  1-0

[Event "20th Fajr Open"]
[Site "Tabriz IRI"]
[Date "2012.01.16"]
[Round "6.5"]
[White "Khalesi,V"]
[Black "Kovalev,An"]
[Result "1-0"]
[WhiteElo "2212"]
[BlackElo "2517"]

1.e4 c5 2.Nf3 e6 3.Nc3 a6 4.d4 cxd4 5.Nxd4 Qc7 6.Bd3 Nf6 7.Qe2 d6 8.f4 Nbd7
9.g4 h6 10.g5 hxg5 11.fxg5 Nh5 12.g6 Ne5 13.gxf7+ Qxf7 14.Rf1 Qe7 15.Nf3 Nxf3+
16.Qxf3 Qh4+ 17.Rf2 Nf6 18.e5 Ng4 19.Qf7+ Kd8 20.Ne4 Nxf2 21.Bg5+ Qxg5 22.Nxg5 Nxd3+
23.cxd3 dxe5 24.O-O-O Bd7 25.d4 Be7 26.dxe5 Rc8+ 27.Kb1 Rc6 28.Nxe6+ Kc8
29.Nd4 Bd8 30.Nxc6 Bxc6 31.Qxg7 Re8 32.Rc1 Bc7 33.Re1 Ba5 34.b4 Bc7 35.h4 Bd5
36.Qg6 Kd7 37.Qd3 Ke6 38.Qh3+ Ke7 39.Qf5 Rf8 40.Qc2 Bb6 41.e6 Bxe6 42.Qe4 Rf6
43.Qxb7+ Kf8 44.Rxe6 Rxe6 45.Qxa6 Rf6 46.a4 Kg7 47.a5 Bf2 48.Qb7+ Rf7 49.Qg2+ Kh8
50.Qg6  1-0

[Event "10th Parsvnath Open"]
[Site "New Delhi IND"]
[Date "2012.01.17"]
[Round "4"]
[White "Dzhumaev,M"]
[Black "Gusain,H"]
[Result "1-0"]
[WhiteElo "2481"]
[BlackElo "2259"]

1.e4 c5 2.Nf3 e6 3.d4 cxd4 4.Nxd4 a6 5.Nc3 Qc7 6.Bd3 Nf6 7.f4 Bc5 8.Nb3 Bb4
9.e5 Nd5 10.O-O Qb6+ 11.Kh1 Nxc3 12.bxc3 Bxc3 13.Rb1 d5 14.exd6 Qxd6 15.Nd2 Bxd2
16.Bxd2 Nc6 17.Bc3 b5 18.Bxg7 Rg8 19.Bf6 Qd5 20.Rf2 Bb7 21.c4 Qc5 22.Be4 Rg6
23.cxb5 Ne5 24.Bxb7 Ng4 25.Rd2 Nxf6 26.Bxa8 Ng4 27.Bc6+  1-0

[Event "10th Parsvnath Open"]
[Site "New Delhi IND"]
[Date "2012.01.17"]
[Round "5"]
[White "Ramnath,B"]
[Black "Nandhidhaa,P"]
[Result "1/2-1/2"]
[WhiteElo "2357"]
[BlackElo "2120"]

1.e4 c5 2.Nf3 e6 3.d4 cxd4 4.Nxd4 a6 5.Nc3 Qc7 6.Be2 b5 7.O-O Bb7 8.Re1 Nc6
9.Nxc6 dxc6 10.e5 Rd8 11.Bd3 c5 12.Qe2 Ne7 13.a4 b4 14.Ne4 Qc6 15.Qh5 Ng6
16.Bf1 h6 17.b3 Be7 18.Bb2 Rd5 19.f3 O-O 20.Bc4 Rdd8 21.Nf6+ Kh8 22.Ne4 Kg8
23.Nf6+ Kh8 24.Ne4  1/2-1/2

[Event "20th Fajr Open"]
[Site "Tabriz IRI"]
[Date "2012.01.17"]
[Round "7.9"]
[White "Hosseinzadeh,N"]
[Black "Kovalev,An"]
[Result "1-0"]
[WhiteElo "2226"]
[BlackElo "2517"]

1.e4 c5 2.Nf3 e6 3.d4 cxd4 4.Nxd4 a6 5.Nc3 Qc7 6.Bd3 Nf6 7.Qe2 d6 8.f4 Nbd7
9.g4 Nc5 10.g5 Nfd7 11.Bd2 g6 12.O-O-O Bg7 13.Be3 b5 14.Bxb5 O-O 15.Bd3 Bb7
16.h4 e5 17.fxe5 Nxe5 18.Kb1 Rfe8 19.h5 d5 20.hxg6 hxg6 21.Nf5 gxf5 22.exf5 Nexd3
23.f6 Re5 24.Qh2  1-0

[Event "10th Parsvnath Open"]
[Site "New Delhi IND"]
[Date "2012.01.18"]
[Round "6"]
[White "Aravindh,Chithambaram VR."]
[Black "Ma Qun"]
[Result "0-1"]
[WhiteElo "2246"]
[BlackElo "2475"]

1.e4 c5 2.Nf3 e6 3.d4 cxd4 4.Nxd4 a6 5.Nc3 Qc7 6.f4 d6 7.Be2 Nf6 8.Bf3 Be7
9.O-O O-O 10.Be3 Nc6 11.a4 Rd8 12.Kh1 Ne5 13.Be2 Nc4 14.Bxc4 Qxc4 15.a5 Bd7
16.Qf3 Be8 17.g4 d5 18.e5 Ne4 19.Nce2 Bd7 20.f5 Rf8 21.c3 Qc7 22.Bf4 Bg5
23.Bg3 Nd2 24.Qf2 Nxf1 25.Rxf1 Bb5 26.h4 Bxe2 27.Qxe2 Be7 28.Qe3 Kh8 29.Bf4 Rg8
30.Nf3 Qc4 31.Nd2 Qc5 32.Qf3 Qc8 33.Bg3 f6 34.g5 exf5 35.exf6 gxf6 36.Nb3 Rf8
37.Nd4 fxg5 38.Be5+ Bf6 39.Bxf6+ Rxf6 40.hxg5 Rg6 41.Qxd5 Rxg5 42.Qe5+ Rg7
43.Rxf5 Qe8 44.Ne6 Qc6+ 45.Qd5 Qxd5+ 46.Rxd5 Re7 47.Nd4 Rg8 48.Kh2 Rf7 49.Nf5 Rgf8  0-1

[Event "10th Parsvnath Open"]
[Site "New Delhi IND"]
[Date "2012.01.18"]
[Round "6"]
[White "Gusain,H"]
[Black "Oleksienko,M"]
[Result "1/2-1/2"]
[WhiteElo "2259"]
[BlackElo "2563"]

1.e4 c5 2.Nf3 e6 3.d4 cxd4 4.Nxd4 a6 5.Nc3 b5 6.Bd3 Qb6 7.Nb3 Qc7 8.O-O Bb7
9.a3 Nf6 10.Qe2 d6 11.f4 Nbd7 12.Bd2 Be7 13.Rae1 h5 14.Nd1 Rc8 15.Nf2 e5
16.Na5 Nc5 17.b4 Nxd3 18.cxd3 Ba8 19.Rc1 Qd7 20.Bc3 exf4 21.Nh3 O-O 22.Nxf4 h4
23.Nh5 Nxh5 24.Qxh5 Qe6 25.Nb3 Qg6 26.Qxg6 fxg6 27.Rxf8+ Bxf8 28.Bd2 Rxc1+
29.Bxc1 Be7 30.Na5 Bf6 31.Kf2 d5 32.Kf3 dxe4+ 33.dxe4 h3 34.gxh3 g5 35.Nb3 Bb7
36.Nc5 Bc8 37.Nd3 Bxh3 38.Bb2 Be7 39.Bd4 Kf7 40.Bc5 Bd8 41.Bd4 Bc8 42.Nc5 a5
43.e5 axb4 44.axb4 g4+ 45.Ke4 Bg5 46.Be3 Bh4 47.Kd5 Be1 48.e6+ Ke8 49.Nd3 g3
50.Bg1 gxh2 51.Bxh2 Bh4 52.Nc5 g5 53.Kc6 Be1 54.Kxb5 Ke7 55.Kc6 Bxb4 56.Bd6+ Ke8
57.Ne4 Bxd6 58.Kxd6 Bxe6  1/2-1/2

[Event "10th Parsvnath Open"]
[Site "New Delhi IND"]
[Date "2012.01.18"]
[Round "6"]
[White "Sandeep,C"]
[Black "Prasenjit,Dat"]
[Result "1-0"]
[WhiteElo "1943"]
[BlackElo "2274"]

1.e4 c5 2.Nf3 e6 3.Nc3 a6 4.d4 cxd4 5.Nxd4 Qc7 6.a3 b5 7.g3 Bb7 8.Bg2 Nf6
9.O-O Be7 10.Be3 Nc6 11.Nxc6 dxc6 12.Qe2 c5 13.Bf4 e5 14.Bg5 O-O 15.Rad1 Rfd8
16.Bxf6 Bxf6 17.Nd5 Bxd5 18.Rxd5 Rxd5 19.exd5 Rb8 20.Rd1 Qd6 21.b3 g6 22.h4 Bg7
23.h5 f5 24.hxg6 hxg6 25.g4 e4 26.gxf5 gxf5 27.Qh5 Rf8 28.Bh3 Qf4 29.Qg6 e3
30.Qe6+ Kh8 31.Qxe3 Qh4 32.Bg2 Qf6 33.d6 Rd8 34.d7 f4 35.Qe8+ Bf8 36.Qh5+ Bh6
37.Qe8+ Bf8 38.Rd5 f3 39.Qh5+ Bh6 40.Bxf3 Qa1+ 41.Rd1 Qg7+ 42.Kf1 Qf6 43.Qe8+ Bf8
44.Ke2 Qe7+ 45.Qxe7 Bxe7 46.Bb7 a5 47.Bc6 b4  1-0

[Event "20th Fajr Open"]
[Site "Tabriz IRI"]
[Date "2012.01.18"]
[Round "9.9"]
[White "Hosseinzadeh,N"]
[Black "Grabliauskas,V"]
[Result "1/2-1/2"]
[WhiteElo "2226"]
[BlackElo "2374"]

1.e4 c5 2.Nf3 e6 3.d4 cxd4 4.Nxd4 a6 5.Nc3 Qc7 6.Bd3 Nf6 7.Qe2 d6 8.f4 Nbd7
9.g4 Nc5 10.g5 Nfd7 11.Bd2 g6 12.O-O-O Bg7 13.Be3 b5 14.Bxb5 O-O 15.Bxd7 Bxd7
16.f5 Be5 17.h4 Qb7 18.fxg6 fxg6 19.h5 Nxe4 20.hxg6 hxg6 21.Qd3 d5 22.Rh6 Be8
23.Nxe6 Bxc3 24.b3 Bb5 25.Qxc3 Nxc3 26.Rxg6+ Kf7 27.Rf6+ Ke8 28.Rxf8+ Ke7
29.Bc5+ Kxe6 30.Rf6+ Kd7 31.Rh1 Rg8 32.Rh7+ Kc8 33.Rxb7 Kxb7 34.g6 Ne4 35.Rb6+ Kc7
36.Bd4 Nd6 37.Bc5 Rxg6 38.Rxd6 Rxd6 39.Bxd6+ Kxd6 40.c4 Bxc4 41.bxc4 dxc4
42.Kc2 Kd5 43.Kc3 Kc5 44.Kc2 Kd4 45.Kd2 c3+ 46.Kc2 Kc4 47.Kd1 Kd3 48.Kc1 Kd4
49.Kc2 Kc4 50.Kd1 Kd3 51.Kc1 a5 52.Kd1 a4 53.Kc1 Kd4 54.Kc2 Kc4 55.Kd1 Kd3
56.Kc1 Kd4 57.Kc2 Kc4 58.Kd1 Kb4 59.Kc2 Kc4  1/2-1/2

[Event "ch-Belgrade w 2012"]
[Site "Belgrade SRB"]
[Date "2012.01.24"]
[Round "3.2"]
[White "Zarkovic,M"]
[Black "Milanovic,Ma"]
[Result "1-0"]
[WhiteElo "1970"]
[BlackElo "1868"]

1.e4 c5 2.Nf3 e6 3.d4 cxd4 4.Nxd4 a6 5.Nc3 Qc7 6.f4 d6 7.Bd3 Nf6 8.Qf3 Nbd7
9.Be3 Nc5 10.O-O b5 11.a3 Bb7 12.Rae1 h5 13.h3 Be7 14.Bf2 h4 15.Re2 d5 16.exd5 Nxd5
17.Nxd5 Bxd5 18.Qg4 Nxd3 19.cxd3 Rh6 20.f5 exf5 21.Nxf5 Be6 22.Nxg7+ Kd7
23.Nxe6 fxe6 24.Rfe1 Qc6 25.Qg7 Rah8 26.Rxe6 Rxe6 27.Rxe6 Kxe6 28.Qxh8 Qc1+
29.Kh2 Bd6+ 30.g3 hxg3+ 31.Bxg3 Qd2+ 32.Kh1 Qd1+ 33.Kg2 Qe2+ 34.Bf2 Qxd3
35.Qd4 Qc2 36.h4 Be5 37.Qg4+ Kd5 38.b4  1-0

[Event "ch-Belgrade 2012"]
[Site "Belgrade SRB"]
[Date "2012.01.25"]
[Round "4.5"]
[White "Savicevic,V"]
[Black "Sredojevic,I"]
[Result "0-1"]
[WhiteElo "2321"]
[BlackElo "2417"]

1.e4 c5 2.Nf3 e6 3.Nc3 a6 4.d4 cxd4 5.Nxd4 d6 6.Be3 Nf6 7.f4 Nc6 8.Qf3 Qc7
9.O-O-O Be7 10.Rg1 Nxd4 11.Bxd4 b5 12.e5 Bb7 13.Qg3 dxe5 14.Bxe5 Qa5 15.Qxg7 Rg8
16.Qh6 Rg6 17.Qh3 b4 18.Nb1 Ng4 19.Bd4 Qf5 20.Rd2 Qxf4 21.Be2 Bg5 22.Qxg4 Qxg4
23.Bxg4 Bxd2+  0-1

[Event "Gibraltar Open"]
[Site "Caleta ENG"]
[Date "2012.01.25"]
[Round "2.118"]
[White "Forsa,E"]
[Black "Lochte,S"]
[Result "0-1"]
[WhiteElo "1770"]
[BlackElo "1956"]

1.e4 c5 2.Nf3 e6 3.d4 cxd4 4.Nxd4 a6 5.Nc3 Qc7 6.Be3 Nf6 7.Be2 Bb4 8.Bd2 Be7
9.O-O d6 10.Kh1 Nbd7 11.f4 b5 12.a3 Bb7 13.Bf3 O-O 14.Qe1 Rfe8 15.Qg3 Bf8
16.Rae1 Rac8 17.e5 Bxf3 18.Rxf3 Nh5 19.Qh3 g6 20.g4 Ng7 21.Ne4 dxe5 22.fxe5 h5
23.gxh5 Nxh5 24.Ng5 Re7 25.Bf4 Bg7 26.Ref1 Bxe5 27.Bxe5 Nxe5 28.Rg3 Nxg3+
29.hxg3 f5 30.c3 Qc4 31.Re1 Qd5+ 32.Kg1 a5 33.Kh2 b4 34.Rh1 Ng4+ 35.Kg1 Qe5
36.Ngf3 Qe3+  0-1

[Event "ch-Belgrade 2012"]
[Site "Belgrade SRB"]
[Date "2012.01.26"]
[Round "5.2"]
[White "Sredojevic,I"]
[Black "Milanovic,Da"]
[Result "1/2-1/2"]
[WhiteElo "2417"]
[BlackElo "2510"]

1.e4 c5 2.Nf3 e6 3.d4 cxd4 4.Nxd4 a6 5.Nc3 b5 6.Bd3 Qb6 7.Nb3 Qc7 8.O-O Bb7
9.Qe2 d6 10.Bd2 Nf6 11.a4 b4 12.Na2 d5 13.exd5 Nxd5 14.Nd4 Be7 15.Qh5 g6
16.Qh6 Bf8 17.Qh4 Be7 18.Qh6 Bf8 19.Qh4 Be7 20.Qh6 Bf8 21.Qh4  1/2-1/2

[Event "Gibraltar Open"]
[Site "Caleta ENG"]
[Date "2012.01.26"]
[Round "3.90"]
[White "Seps,M"]
[Black "Helin,M"]
[Result "1-0"]
[WhiteElo "2182"]
[BlackElo "1935"]

1.e4 c5 2.Nf3 a6 3.d4 cxd4 4.Nxd4 e6 5.Nc3 Qc7 6.Bd3 Nf6 7.f4 Bb4 8.O-O h5
9.Kh1 Ng4 10.Nf3 Nc6 11.Qe2 Bc5 12.e5 d5 13.Nd1 Bd7 14.c3 Ne7 15.b4 Ba7 16.Bd2 g6
17.Rc1 b5 18.Ne3 Nf5 19.Bxf5 gxf5 20.Nc2 Qb6 21.Ncd4 Rc8 22.Be1 Rc4 23.Bh4 Qc7
24.Qd2 Bc6 25.Rfd1 Kd7 26.Qe1 Kc8 27.Bg5 Kb8 28.Rd3 Bb7 29.a3 Qd7 30.Qh4 Rg8
31.h3 Rcc8 32.Kg1 Rh8 33.Kf1 Qc7 34.Ke2 Qc4 35.Rc2 Bxd4 36.Nxd4 Rcg8 37.hxg4 hxg4
38.Qf2 Rh2 39.Bh4 Rh8 40.Bg3 Rh1 41.Ke3 Ra1 42.Bh4 Rxa3 43.g3 a5 44.Qd2 a4
45.Qc1 Rb3 46.Kd2 Kc7 47.Nxb3 axb3 48.Rd4 Qc6 49.Rb2 Ra8 50.Rxb3 Ra2+ 51.Rb2 Ra3
52.Rc2 Qa6 53.Qg1 Ra1 54.Qf2 Rb1 55.Ke2 Qa1 56.Rdd2 Kb8 57.Ra2 Re1+ 58.Qxe1 Qxc3
59.Qf2 d4 60.Kf1 Qc4+ 61.Qe2 Qd5 62.Be7 Qh1+ 63.Kf2 Qh2+ 64.Ke1 Qg1+ 65.Qf1 Qe3+
66.Kd1 Qb3+ 67.Kc1 Qc3+ 68.Rdc2 Qe3+ 69.Kb2  1-0

[Event "17th HIT Open A"]
[Site "Nova Gorica SLO"]
[Date "2012.01.27"]
[Round "1"]
[White "Drobnic,Milan"]
[Black "Kolaric,S"]
[Result "0-1"]
[WhiteElo "1679"]
[BlackElo "2070"]

1.e4 c5 2.Nf3 e6 3.d4 cxd4 4.Nxd4 a6 5.Nc3 b5 6.a3 Bb7 7.Bd3 d6 8.O-O h5
9.Nf3 Nd7 10.Be3 Ngf6 11.h3 Be7 12.Re1 Nh7 13.Nh2 Nhf8 14.Qd2 g5 15.f4 gxf4
16.Bxf4 Ng6 17.Be3 Nh4 18.Bf2 Rg8 19.Bxh4 Bxh4 20.Rf1 Ne5 21.Qh6 Qg5 22.Qxg5 Bxg5
23.Nf3 Be3+ 24.Kh1 Nxf3 25.Rxf3 Bd4 26.Bxb5+ axb5 27.Nxb5 Be5 28.Nc7+ Ke7
29.Nxa8 Bxa8 30.Re3 f5 31.c3 Bxe4 32.Re2 Bd5 33.a4 f4 34.Rf2 Rg3 35.a5 f3
36.gxf3 Rxh3+ 37.Kg1 Bxf3 38.Rxf3 Rxf3 39.a6 Rf8 40.Ra3 Ra8 41.b4 Kd7  0-1

[Event "TCh-CAT 2012"]
[Site "Catalunya ESP"]
[Date "2012.01.28"]
[Round "1.5"]
[White "Asis Gargatagli,H"]
[Black "Fernandez Cazorla,A"]
[Result "1-0"]
[WhiteElo "2462"]
[BlackElo "2260"]

1.e4 c5 2.Nf3 e6 3.Nc3 a6 4.d4 cxd4 5.Nxd4 Qc7 6.Bd3 Nc6 7.Nxc6 dxc6 8.O-O e5
9.f4 Bd6 10.f5 Bc5+ 11.Kh1 h5 12.Qf3 Nf6 13.Bg5 b5 14.a4 Bb7 15.axb5 axb5
16.Rxa8+ Bxa8 17.Ra1 Bb7 18.Qg3 Ng4 19.Nd1 Qb6 20.Be2 f6 21.Qh3 fxg5 22.Bxg4 h4
23.Qb3 Qc7 24.Nc3 Qf7 25.Nd5 Bd6 26.Ra7 Bc5 27.Nb6 Qxb3 28.cxb3 Bxb6 29.Rxb7 Bd8
30.Rxg7 Rh6 31.Rg8+ Ke7 32.Rxg5 Kd6 33.Rh5 Rxh5 34.Bxh5 Kc5 35.Be8 b4 36.Kg1 Kd4
37.Bxc6 Ke3 38.Kf1 Kf4 39.Kf2 Bb6+ 40.Ke2 Kg5 41.Kd3 Bd8 42.Kc4 Be7 43.Kd5 Bf6
44.Ke6 Bg7 45.Bb5 Bf6 46.Bf1 Bh8 47.Kf7 Bf6 48.Bc4 Bh8 49.Bf1 Kh6 50.g3 hxg3
51.h4 Bg7 52.f6 Bh8 53.Ke7 Kh5 54.f7 Bg7 55.f8=Q Bxf8+ 56.Kxf8 Kxh4 57.Kf7 Kg4
58.Kf6 Kf3 59.Kxe5  1-0

[Event "17th HIT Open A"]
[Site "Nova Gorica SLO"]
[Date "2012.01.28"]
[Round "2"]
[White "Markoja,S"]
[Black "Zavrtanik,Uros"]
[Result "1-0"]
[WhiteElo "1963"]
[BlackElo "1733"]

1.e4 c5 2.Nf3 e6 3.d4 cxd4 4.Nxd4 a6 5.Nc3 Qc7 6.Be2 Nc6 7.a3 Nf6 8.Be3 Be7
9.f4 d5 10.e5 Nd7 11.O-O Nxd4 12.Bxd4 Bc5 13.Kh1 b5 14.Bf3 Bb7 15.Ne2 O-O
16.c3 Nb6 17.Bxc5 Qxc5 18.Nd4 Rac8 19.Qe2 Qe7 20.Rae1 g6 21.Bg4 Rce8 22.Qf2 Nd7
23.Qg3 Nc5 24.Bf3 f5 25.exf6 Rxf6 26.Re5 Nd3 27.Re3 Nxf4 28.Rfe1 Qf7 29.h3 Bc8
30.Qg5 Qg7 31.Qe5 Qf7 32.Kh2 h5 33.g3 Nxh3 34.Kxh3 Qg7 35.Kh2 Re7 36.Kg1 Qf8
37.Bxd5  1-0

[Event "17th HIT Open A"]
[Site "Nova Gorica SLO"]
[Date "2012.01.28"]
[Round "2"]
[White "Cokan,M"]
[Black "Veliscek,Iza"]
[Result "1-0"]
[WhiteElo "1838"]
[BlackElo "1542"]

1.e4 c5 2.Nf3 e6 3.d4 cxd4 4.Nxd4 a6 5.Nc3 Qc7 6.Bd3 Nf6 7.Bd2 Nc6 8.Nxc6 dxc6
9.a3 Be7 10.Qe2 e5 11.h3 b5 12.Nd1 c5 13.c4 b4 14.O-O a5 15.Ne3 Rb8 16.b3 Bd7
17.Nd5 Nxd5 18.cxd5 Qd6 19.Bc4 O-O 20.axb4 axb4 21.f4 Rb6 22.Ra7 Bh4 23.fxe5 Qe7
24.d6 Qe8 25.Qe3 Bd8 26.Qf4 Be6 27.Bd5 h6 28.Qg3 g5 29.Be3 Rb5 30.Rfa1 f5
31.Qf3 f4 32.Bf2 Bxd5 33.exd5 Qxe5 34.Qd3 Rf7 35.Ra8 Rb8 36.R1a6 Rxa8 37.Rxa8 Qxd6
38.Ra6 Qf8 39.Qc4 Be7 40.Rc6 Rf6 41.d6+ Kh8 42.dxe7 Qxe7 43.Rc8+ Rf8 44.Rxf8+ Qxf8
45.Bxc5 Qe8 46.Qxb4 Qe2 47.Qc3+ Kg8 48.Qc4+ Kh8 49.Qxe2  1-0

[Event "17th HIT Open A"]
[Site "Nova Gorica SLO"]
[Date "2012.01.28"]
[Round "4"]
[White "Feltrin,Kris"]
[Black "Lucovnik,Tilen"]
[Result "1/2-1/2"]
[WhiteElo "1644"]
[BlackElo "1856"]

1.e4 c5 2.Nf3 e6 3.d4 cxd4 4.Nxd4 a6 5.Nc3 b5 6.a3 Bb7 7.Be2 Nf6 8.Bf3 Qc7
9.O-O Nc6 10.Re1 d6 11.Be3 Be7 12.Nb3 Ne5 13.Bf4 Nfd7 14.Bxe5 Nxe5 15.Be2 O-O
16.Kh1 Rfd8 17.Qc1 Bf6 18.Qe3 Rac8 19.Rad1 Ba8 20.f4 Ng6 21.Rd3 Bxc3 22.Rxc3 Qb7
23.Rxc8 Rxc8 24.Bd3 d5 25.exd5 Qxd5 26.Rg1 Nh4 27.Qh3 Nf5 28.Nd2 h6 29.Ne4 Qd4
30.Nc3 Ne3 31.Ne2 Qb6 32.Qg3 Nc4 33.Rb1 Nd6 34.Nc3 a5 35.Re1 b4 36.axb4 axb4
37.Na4 Qa5 38.b3 Nf5 39.Qf2 Ne7 40.Re5 Qd8 41.Nb6 Rb8 42.Nxa8 Rxa8 43.h3 Ra1+
44.Kh2 Qd6 45.Qc5 Qxc5 46.Rxc5 g6 47.Rc4 Nd5 48.Kg3 f5 49.Rc6  1/2-1/2

[Event "TCh-HUN 2011-12"]
[Site "Kecskemet HUN"]
[Date "2012.01.29"]
[Round "5"]
[White "Soos,A"]
[Black "Szeberenyi,A"]
[Result "1-0"]
[WhiteElo "2394"]
[BlackElo "2309"]

1.e4 c5 2.Nf3 e6 3.d4 cxd4 4.Nxd4 a6 5.Nc3 Qc7 6.Be3 Nf6 7.Bd3 Nc6 8.O-O Ne5
9.h3 Bc5 10.f4 Nc6 11.Nce2 d6 12.Qd2 O-O 13.c3 e5 14.Nxc6 Qxc6 15.Ng3 exf4
16.Rxf4 Bxe3+ 17.Qxe3 Qc5 18.Qxc5 dxc5 19.e5 Nd5 20.Rc4 b6 21.Rh4 f5 22.exf6 Nxf6
23.Ne4 Bf5 24.Nxc5 Bxd3 25.Nxd3 Rad8 26.Rd1 Rfe8 27.Rf4 Nd5 28.Rd4 Ne3 29.Re1 Nf5
30.Rxe8+ Rxe8 31.Rb4 Re3 32.Nf4 b5 33.Kf2 g5 34.Ne2 Rd3 35.a4 bxa4 36.Rxa4 Ne3
37.Nd4 Nd5 38.Nf3 Nf4 39.Nxg5  1-0

[Event "Moscow Open Women 2012"]
[Site "Moscow RUS"]
[Date "2012.01.29"]
[Round "2.17"]
[White "Imeeva,A"]
[Black "Burtasova,A"]
[Result "0-1"]
[WhiteElo "2048"]
[BlackElo "2263"]

1.e4 c5 2.Nf3 e6 3.d4 cxd4 4.Nxd4 a6 5.Nc3 b5 6.a3 Bb7 7.Bd3 Nc6 8.Nb3 Nf6
9.O-O Be7 10.f4 d6 11.Qf3 Qc7 12.Be3 Rd8 13.h3 O-O 14.Qf2 Qb8 15.Rae1 Nd7
16.Nd4 Nxd4 17.Bxd4 e5 18.Be3 Nc5 19.Qg3 Nxd3 20.cxd3 Bf6 21.Qf3 a5 22.fxe5 dxe5
23.Qg3 Kh8 24.Rxf6 gxf6 25.Qh4 Qd6 26.Rf1 Rg8 27.Nxb5 Qe7 28.Rxf6 Rxd3 29.Bg5 Bxe4
30.Rf5 Qc5+ 31.Rf2 Rxg5 32.Qxg5 Rd1+ 33.Kh2 Qxf2 34.Qxe5+ Kg8 35.Qe8+ Kg7
36.Qe5+ f6 37.Qe7+ Kh6 38.Qf8+ Kg5 39.Qg8+ Bg6 40.Nc3 Qf4+  0-1

[Event "Moscow Open Women 2012"]
[Site "Moscow RUS"]
[Date "2012.01.29"]
[Round "2.37"]
[White "Galimzianova,A"]
[Black "Galojan,L"]
[Result "0-1"]
[WhiteElo "1912"]
[BlackElo "2366"]

1.e4 c5 2.Nf3 e6 3.d4 cxd4 4.Nxd4 a6 5.Nc3 Qc7 6.g3 Bb4 7.Ne2 Nf6 8.Bg2 Be7
9.O-O O-O 10.h3 Nc6 11.Be3 d6 12.f4 b5 13.a3 Bb7 14.g4 Na5 15.b3 Rfe8 16.g5 Nd7
17.Qe1 Bf8 18.Qg3 Rac8 19.Rf2 Nc6 20.Raf1 b4 21.Nb1 bxa3 22.f5 a2 23.Nbc3 Nb4
24.g6 fxg6 25.fxg6 Ne5 26.Rf7 Nxf7 27.gxf7+ Qxf7 28.Rxf7 a1=Q+ 29.Rf1 Qa5
30.Bh6 Qe5 31.Bf4 Qc5+ 32.Kh2 Nxc2 33.Rc1 Nd4 34.Nd5 Nxe2 35.Nf6+ Kf7 36.Rxc5 Nxg3
37.Nxe8 dxc5  0-1

[Event "Moscow Open 2012 A"]
[Site "Moscow RUS"]
[Date "2012.01.29"]
[Round "2.41"]
[White "Svetushkin,D"]
[Black "Heydarli,K"]
[Result "1-0"]
[WhiteElo "2598"]
[BlackElo "2376"]

1.e4 c5 2.Nf3 e6 3.d4 cxd4 4.Nxd4 a6 5.Nc3 Qc7 6.Bd3 Nf6 7.f4 d6 8.Qf3 b5
9.Be3 Bb7 10.g4 Nc6 11.g5 Nd7 12.O-O-O Na5 13.Kb1 Nc4 14.Bc1 g6 15.Rhe1 Qb6
16.Bxc4 bxc4 17.Qh3 O-O-O 18.f5 e5 19.Ne6 fxe6 20.fxe6 Kb8 21.exd7 Qc6 22.Nd5 Qxd7
23.Qf1 h6 24.Qxc4 hxg5 25.Bxg5 Rc8 26.Qb3 Rh3 27.Nf6 Rxb3 28.Nxd7+ Kc7 29.Nxf8  1-0

[Event "ch-TUR 2012"]
[Site "Kemer TUR"]
[Date "2012.01.30"]
[Round "3"]
[White "Firat,B"]
[Black "Ercan,F"]
[Result "1-0"]
[WhiteElo "2396"]
[BlackElo "2022"]

1.e4 c5 2.Nf3 e6 3.d4 cxd4 4.Nxd4 a6 5.Nc3 g6 6.Be3 Bg7 7.Qd2 Nc6 8.Nxc6 bxc6
9.Bd4 f6 10.h4 d5 11.Na4 Rb8 12.Qc3 Ne7 13.h5 O-O 14.hxg6 hxg6 15.O-O-O Kf7
16.e5 Nf5 17.exf6 Bxf6 18.Be5 Bd7 19.Rh7+ Ng7 20.Nc5 Bc8 21.Rxg7+ Kxg7 22.Qg3 Rb4
23.Bd3 Qe8 24.a3 Rb5 25.Bxb5 cxb5 26.Bxf6+ Rxf6 27.Qc7+ Rf7 28.Qe5+ Kg8 29.Rh1 Rh7
30.Re1 Rh5 31.Qd6 Qf8 32.Qxf8+ Kxf8 33.Nxe6+ Kf7 34.Nd4 Rh2 35.Rg1 Kf6 36.Kd2 Bd7
37.Ke3 Rh8 38.Rd1 Bg4 39.f3 Bc8 40.Ne2 Re8+ 41.Kf2 Re5 42.Rd3 Bd7 43.Nf4 Bc6
44.Rc3 Be8 45.Rc8 g5 46.Nd3 Re7 47.Nb4 Ke5 48.Nxa6 Bd7 49.Rg8 Kf5 50.Nb4 Be6
51.Rb8 Bd7 52.Nxd5 Re5 53.Ne3+ Kf6 54.Rb6+ Ke7 55.c3 Rc5 56.Ke2 Re5 57.Kd3 Kf7
58.Rb7 Ke8 59.Kd4 Re6 60.Nd5 Rd6 61.Kc5 Rc6+ 62.Kd4 Rd6 63.Rb6  1-0

[Event "Gibraltar Open"]
[Site "Caleta ENG"]
[Date "2012.01.31"]
[Round "8.120"]
[White "Al Hanini,Elias"]
[Black "Helin,M"]
[Result "1-0"]
[WhiteElo "1761"]
[BlackElo "1935"]

1.e4 c5 2.Nf3 e6 3.d4 cxd4 4.Nxd4 a6 5.Nc3 Qc7 6.Be3 Nf6 7.Be2 b5 8.g4 h5
9.g5 Ng4 10.Bxg4 hxg4 11.Qxg4 Bb4 12.Bd2 Bb7 13.h4 Qc4 14.Nde2 Nc6 15.f4 O-O-O
16.O-O-O Kb8 17.b3 Qc5 18.Qg3 Qb6 19.Qe3 Bc5 20.Qg3 Rc8 21.Be1 Qa5 22.Rxd7 Qa3+
23.Kb1 Rhd8 24.Rxd8 Rxd8 25.Bf2 Be7 26.h5 Nb4 27.Qe3 Rd2 28.h6 gxh6 29.gxh6 Bf6
30.h7 Bh8 31.Rg1 Nc6 32.Rg8+ Rd8 33.Rxd8+ Nxd8 34.Qa7+ Kc8 35.Qc5+ Qxc5 36.Bxc5 Kd7
37.Bd4 f6 38.e5 f5 39.a4 b4 40.Na2 a5 41.Bb6 Nc6 42.Nd4 Ne7 43.Bxa5 Nd5 44.Ne2 Ba6
45.c4 bxc3 46.Naxc3 Ne7 47.b4 Bd3+ 48.Kb2 Nc6 49.Kb3 Ke7 50.Bb6 Kf7 51.b5 Ne7
52.a5 Kg6 53.a6 Nc8 54.Bc5 Kxh7 55.a7 Nxa7 56.Bxa7 Bg7 57.b6 Ba6 58.Nd4 Bc8
59.Ncb5 Bh6 60.Ne2 Kg6 61.Nd6 Ba6 62.b7 Bxb7 63.Nxb7 Kh5 64.Nd8 Kg4 65.Nxe6 Kf3
66.N6d4+ Ke4 67.Bc5 Bxf4 68.e6 Bg5 69.Kc4 f4 70.Nxf4 Kxf4 71.Kd5 Bf6 72.Nc6 Kf5
73.Be7 Bb2 74.Nb4 Bc3 75.Nd3 Bg7 76.Nc5 Bb2 77.Bd8 Kg6 78.e7 Kf7 79.Ne4 Ba3
80.Nd6+ Bxd6 81.Kxd6 Ke8 82.Bb6  1-0

[Event "Gibraltar Open"]
[Site "Caleta ENG"]
[Date "2012.01.31"]
[Round "8.31"]
[White "Soumya,Sw"]
[Black "Cramling,P"]
[Result "0-1"]
[WhiteElo "2280"]
[BlackElo "2491"]

1.e4 c5 2.Nf3 e6 3.d4 cxd4 4.Nxd4 a6 5.Nc3 b5 6.Bd3 Qb6 7.Nf3 Qc7 8.O-O Bb7
9.Re1 Be7 10.e5 f5 11.Bf4 Nh6 12.a4 b4 13.Nb1 Nc6 14.Nbd2 Na5 15.Rc1 O-O
16.Nb3 Bd5 17.Nbd4 Qb7 18.Bf1 Nf7 19.h4 h6 20.c4 bxc3 21.bxc3 Rac8 22.Rb1 Qa8
23.Bd3 Nc4 24.Bxf5 exf5 25.Nxf5 Rfe8 26.N3d4 Bf8 27.Qg4 Be6 28.Bxh6 Bxf5
29.Nxf5 Ncxe5 30.Qg3 Rc6 31.Bf4 Rg6 32.Bg5 Nxg5 33.hxg5 Nc6 34.Qd3 Rxg5 35.Qd5+ Kh7
36.f4 Rg6 37.Kf2 Qa7+ 38.Kf3 Rxe1 39.Rxe1 Re6 40.Rxe6 dxe6 41.Qxe6 Qc5 42.Ne3 Qd6
43.Qf5+ Kg8 44.Nc4 Qd1+ 45.Kf2 Nd8 46.g4 Qxa4 47.Qd5+ Nf7 48.Ne5 Qxf4+  0-1